[Event "3rd Sharjah Masters 2019"]
[Site "Sharjah UAE"]
[Date "2019.03.26"]
[Round "5.30"]
[White "Nasanjargal, Urtnasan"]
[Black "Sukandar, Irine Kharisma"]
[Result "0-1"]
[WhiteTitle "FM"]
[BlackTitle "IM"]
[WhiteElo "2503"]
[BlackElo "2381"]
[WhiteFideId "4900774"]
[BlackFideId "7101937"]
[EventDate "2019.03.22"]

1. Nf3 Nf6 2. c4 e6 3. g3 d5 4. d4 Be7 5. Bg2 O-O 6. O-O dxc4 7. Qc2 b6 8. Na3
Bb7 9. Nxc4 Be4 10. Qa4 Qd7 11. Qb3 Qd5 12. Bf4 Nc6 13. Rfd1 Nb4 14. Rac1 b5 15.
Ncd2 Qxb3 16. axb3 Bc2 17. Rf1 Nfd5 18. Bxc7 Rac8 19. Ba5 Nc6 20. Rxc2 Nxa5 21.
Rfc1 Rxc2 22. Rxc2 Bb4 23. e3 h6 24. Bf1 a6 25. Be2 Rd8 26. Bd1 g5 27. Ne5 Bd6
28. Nd3 Nb4 29. Nxb4 Bxb4 30. Nf3 Bd6 31. Rc1 f6 32. Kf1 Ra8 33. Ne1 Kf7 34. Nd3
Ke7 35. b4 Nc4 36. b3 Nb6 37. Bf3 Ra7 38. Rc6 Nd7 39. Nc5 a5 40. bxa5 Bxc5 41.
dxc5 Ne5 42. Rb6 Nxf3 43. c6 Rxa5 44. g4 Nxh2+ 45. Kg2 Nxg4 46. b4 Ra2 47. Rxb5
Nxe3+ 48. Kf3 Nd5 49. Rb7+ Kd6 50. b5 Ra3+ 51. Kg2 Rb3 52. Rd7+ Ke5 53. Rb7 h5
54. c7 Nxc7 55. Rxc7 Rxb5 0-1

[Event "3rd Sharjah Masters 2019"]
[Site "Sharjah UAE"]
[Date "2019.03.26"]
[Round "5.32"]
[White "Karthik, Venkataraman"]
[Black "Bharath, Subramaniyam H"]
[Result "1/2-1/2"]
[WhiteTitle "GM"]
[BlackTitle "CM"]
[WhiteElo "2494"]
[BlackElo "2301"]
[WhiteFideId "25006479"]
[BlackFideId "46634827"]
[EventDate "2019.03.22"]

1. c4 Nf6 2. g3 c5 3. Bg2 Nc6 4. Nc3 g6 5. Nf3 Bg7 6. d4 cxd4 7. Nxd4 O-O 8. O-O
a6 9. c5 Qc7 10. Bf4 e5 11. Nxc6 dxc6 12. Bg5 Be6 13. Qc1 Qa5 14. Bxf6 Bxf6 15.
Ne4 Bg7 16. Nd6 Qc7 17. e4 Rfd8 18. f4 exf4 19. gxf4 Bd4+ 20. Kh1 Bxc5 21. Nxb7
Qxb7 22. Qxc5 Qxb2 23. f5 gxf5 24. exf5 Bd5 25. Bxd5 cxd5 26. Qe7 Kh8 27. Rab1
Qd4 28. Rb4 Rd7 29. Rxd4 Rxe7 30. Rxd5 f6 31. Rd6 Kg7 32. Rg1+ Kf7 33. Rb1 Rc8
34. Rxa6 Rc5 35. Rf1 Rc2 36. a4 h5 37. Rb1 Rf2 38. Ra5 Kg7 39. Rg1+ Kf7 40. Rc1
Kg7 41. Ra8 Ree2 42. Rc7+ Kh6 43. Rg8 Re1+ 44. Rg1 Rxg1+ 45. Kxg1 Ra2 46. Ra7
Kg5 47. a5 Kxf5 48. a6 Kf4 49. Kf1 Kf3 50. Ke1 Rxh2 51. Rf7 Ra2 52. Rxf6+ 1/2-1/2

[Event "3rd Sharjah Masters 2019"]
[Site "Sharjah UAE"]
[Date "2019.03.26"]
[Round "5.33"]
[White "Raghunandan, Kaumandur Srihari"]
[Black "Lorparizangeneh, Shahin"]
[Result "1-0"]
[WhiteTitle "IM"]
[BlackTitle "GM"]
[WhiteElo "2352"]
[BlackElo "2493"]
[WhiteFideId "25004964"]
[BlackFideId "12521604"]
[EventDate "2019.03.22"]

1. e4 Nf6 2. e5 Nd5 3. d4 d6 4. Nf3 g6 5. Bc4 Nb6 6. Bb3 Bg7 7. O-O O-O 8. a4
Bg4 9. h3 Bxf3 10. Qxf3 Nc6 11. Rd1 dxe5 12. dxe5 Nxe5 13. Bxf7+ Kh8 14. Qe2 Qc8
15. Bb3 Nc6 16. Be6 Qe8 17. c3 Rd8 18. a5 Nc8 19. Rxd8 Qxd8 20. Nd2 Ne5 21. Ne4
Qd3 22. Qxd3 Nxd3 23. Be3 Nd6 24. Nxd6 exd6 25. Bxa7 Nxb2 26. Rb1 Re8 27. Rxb2
Rxe6 28. Rxb7 Bxc3 29. Rxc7 Bxa5 30. Bd4+ Kg8 31. Rg7+ Kf8 32. Rxh7 Re1+ 33. Kh2
Rd1 34. Bf6 d5 35. Kg3 d4 36. Kf4 Bd2+ 37. Ke4 Bc3 38. Rd7 Re1+ 39. Kf3 Rd1 40.
Ke4 Re1+ 41. Kf3 Rd1 42. h4 Rd3+ 43. Kg4 Rd2 44. Kg3 Ke8 45. Rd6 Rd3+ 46. f3 Kf7
47. Kg4 Rd2 48. g3 Rd3 49. Be5 Ke7 50. Rxg6 Re3 51. Bf4 Re6 52. Rg7+ Ke8 53. Rg5
Re7 54. Rc5 Rd7 55. Kf5 Bb4 56. Rc4 Be1 57. Rc1 Bb4 58. Rd1 d3 59. Bd2 Bc5 60.
g4 Kf7 61. f4 Bf2 62. h5 Rc7 63. Ke4 Rd7 64. Bc3 Re7+ 65. Be5 1-0

[Event "3rd Sharjah Masters 2019"]
[Site "Sharjah UAE"]
[Date "2019.03.26"]
[Round "5.34"]
[White "Iniyan, P"]
[Black "Ajay, Karthikeyan"]
[Result "1/2-1/2"]
[WhiteTitle "IM"]
[WhiteElo "2487"]
[BlackElo "2298"]
[WhiteFideId "25002767"]
[BlackFideId "35011685"]
[EventDate "2019.03.22"]

1. Nf3 Nf6 2. g3 g6 3. Bg2 c5 4. O-O Bg7 5. d3 Nc6 6. e4 d6 7. Nbd2 O-O 8. a4 h6
9. Re1 e5 10. h3 b6 11. Nc4 Be6 12. Bd2 Kh7 13. Kh2 Qd7 14. Nh4 d5 15. exd5 Nxd5
16. c3 Rfe8 17. Qc2 f5 18. f4 exf4 19. gxf4 Bf7 20. Bf3 Rad8 21. Rxe8 Rxe8 22.
Rf1 Rd8 23. Bc1 Qc7 24. Ng2 a6 25. Re1 b5 26. axb5 axb5 27. Na3 b4 28. Nb5 Qd7
29. Qf2 bxc3 30. bxc3 Nxc3 31. Qxc5 Nd4 32. Nxd4 Qxd4 33. Qxd4 Rxd4 34. Re7 Kg8
35. Ne1 Nd5 36. Rd7 Nb4 1/2-1/2

[Event "3rd Sharjah Masters 2019"]
[Site "Sharjah UAE"]
[Date "2019.03.26"]
[Round "5.35"]
[White "Jeet, Jain"]
[Black "Darini, Pouria"]
[Result "1/2-1/2"]
[WhiteTitle "FM"]
[BlackTitle "GM"]
[WhiteElo "2219"]
[BlackElo "2474"]
[WhiteFideId "5073022"]
[BlackFideId "12502200"]
[EventDate "2019.03.22"]

1. e4 c5 2. Nf3 d6 3. Bb5+ Nd7 4. c3 Nf6 5. Qe2 a6 6. Ba4 e6 7. O-O b5 8. Bc2
Bb7 9. d4 Be7 10. Nbd2 Qc7 11. a4 cxd4 12. Nxd4 bxa4 13. Bxa4 O-O 14. Re1 Nc5
15. Bc2 Rfe8 16. N4b3 a5 17. Nxc5 Qxc5 18. Nb3 Qc7 19. Nd4 d5 20. e5 Ne4 21. f3
Nc5 22. f4 Ne4 23. Be3 Ba6 24. Qg4 Bc5 25. f5 Qxe5 26. fxe6 fxe6 27. Bxe4 dxe4
28. Rxa5 Bc4 29. Rxa8 Rxa8 30. Nc2 Bd6 31. g3 Qf5 32. Qxf5 exf5 33. Ra1 Rb8 34.
b4 Rc8 35. Bd4 1/2-1/2

[Event "3rd Sharjah Masters 2019"]
[Site "Sharjah UAE"]
[Date "2019.03.26"]
[Round "5.37"]
[White "Sri, Sai Baswanth P"]
[Black "Asgarizadeh, Ahmad"]
[Result "0-1"]
[BlackTitle "IM"]
[WhiteElo "2018"]
[BlackElo "2434"]
[WhiteFideId "25088793"]
[BlackFideId "12505684"]
[EventDate "2019.03.22"]

1. d4 Nf6 2. Bf4 g6 3. Nc3 Bg7 4. e4 d6 5. Qd2 Nc6 6. O-O-O O-O 7. Nf3 Bg4 8.
Qe3 Nh5 9. Bg5 Bxf3 10. gxf3 f6 11. Bh6 e5 12. Ne2 Qd7 13. d5 Bxh6 14. Qxh6 Ne7
15. Rg1 Kh8 16. h4 Qa4 17. Kb1 f5 18. Qg5 Rf7 19. Ng3 Nf4 20. h5 gxh5 21. Bd3
Rg8 22. Qh4 Neg6 23. Qh1 Nxd3 24. cxd3 fxe4 25. dxe4 h4 26. Nf5 Rgf8 27. Rg4 Qd7
28. Rg5 Rxf5 29. exf5 Rxf5 30. Qh3 Rf7 31. Qxd7 Rxd7 32. Rf5 Kg7 33. Rg1 c5 34.
Kc2 Rf7 35. Rxf7+ Kxf7 36. Kd3 Nf4+ 37. Ke4 Kf6 38. a3 h3 39. b4 c4 40. b5 c3
41. Rh1 Kg5 42. Rg1+ Kh4 43. Rg4+ Kh5 44. Rg1 Ne2 45. Rh1 c2 46. Kf5 Kh4 0-1

[Event "3rd Sharjah Masters 2019"]
[Site "Sharjah UAE"]
[Date "2019.03.26"]
[Round "5.38"]
[White "Arencibia Rodriguez, Walter"]
[Black "Kunal, M."]
[Result "1/2-1/2"]
[WhiteTitle "GM"]
[WhiteElo "2506"]
[BlackElo "2258"]
[WhiteFideId "3500012"]
[BlackFideId "5018250"]
[EventDate "2019.03.22"]

1. d4 Nf6 2. c4 e6 3. Nc3 Bb4 4. e3 O-O 5. Bd3 d5 6. Nf3 c5 7. O-O dxc4 8. Bxc4
Nbd7 9. a3 Ba5 10. Qe2 cxd4 11. exd4 Bxc3 12. bxc3 Qc7 13. Bb2 b6 14. Ba2 Bb7
15. c4 Rfe8 16. Rfe1 Nf8 17. Ne5 Ng6 18. Nxg6 hxg6 19. Rac1 Rac8 20. h3 Qc6 21.
Qf1 Qa4 22. Qd3 Ba6 23. Bb3 Qd7 24. Re5 Qd6 25. Qf3 Nd7 26. Ree1 Nf6 27. d5 exd5
28. cxd5 Rxe1+ 29. Rxe1 Bc4 30. Bxf6 gxf6 31. Bxc4 Rxc4 32. Rd1 b5 33. g3 Ra4
34. Rd3 b4 35. axb4 Rxb4 36. h4 Rb1+ 37. Kg2 Re1 38. h5 Re5 39. hxg6 fxg6 40.
Qg4 Kg7 41. Qd4 Re7 42. Rc3 Rd7 43. Rc5 Qa6 44. Qc3 Qe2 45. Qd4 Qa6 46. Qf4 Qd3
47. Qf3 Qd4 48. Ra5 f5 49. Qe2 Qe4+ 50. Qxe4 fxe4 51. f4 g5 52. fxg5 Kg6 53. Kf2
Kxg5 54. Ke3 Kf5 55. Kd4 e3 56. Kxe3 Ke5 57. Kf3 Rxd5 58. Rxa7 Kf6 59. Ke4 Rb5 1/2-1/2

[Event "3rd Sharjah Masters 2019"]
[Site "Sharjah UAE"]
[Date "2019.03.26"]
[Round "5.39"]
[White "Abdurakhmonov, Mukhammadali"]
[Black "El Adnani, Mokliss"]
[Result "1-0"]
[BlackTitle "IM"]
[WhiteElo "2205"]
[BlackElo "2455"]
[WhiteFideId "14207346"]
[BlackFideId "9000410"]
[EventDate "2019.03.22"]

1. c4 Nf6 2. Nc3 g6 3. g3 Bg7 4. Bg2 O-O 5. d4 d6 6. Nf3 c5 7. O-O Nc6 8. dxc5
dxc5 9. Be3 Qa5 10. Nd5 e6 11. Bd2 Qd8 12. Nxf6+ Bxf6 13. Bh6 Re8 14. Rb1 Qe7
15. e3 Rd8 16. Qe2 b6 17. Rfd1 Bb7 18. b3 Nb4 19. a3 Nc6 20. Nd2 Bg7 21. Bxg7
Kxg7 22. Ne4 f5 23. Nc3 Ne5 24. e4 Qf6 25. f4 Nf7 26. e5 Qe7 27. Rxd8 Rxd8 28.
Rd1 Bxg2 29. Kxg2 g5 30. Rxd8 Qxd8 31. Qd1 Qxd1 32. Nxd1 Nd8 33. Nc3 Nc6 34. Nb5
g4 35. Kf2 Kf7 36. Ke3 Ke7 37. Kd3 h5 38. Ke3 Kd7 39. Kd3 a6 40. Nd6 Nd4 41. b4
Nf3 42. bxc5 bxc5 43. Nb7 Nxh2 44. Nxc5+ Ke7 45. Ke2 Nf3 46. Nxa6 Nd4+ 47. Kf2
Nc2 48. a4 Na3 49. c5 Nb1 50. c6 Nc3 51. Nc5 Nd5 52. a5 Nc7 53. Nd7 Nb5 54. Nf6
Kd8 55. Nxh5 Kc7 56. Ng7 Nd4 57. Ke3 Kxc6 58. Kxd4 1-0

[Event "3rd Sharjah Masters 2019"]
[Site "Sharjah UAE"]
[Date "2019.03.26"]
[Round "5.41"]
[White "Boudriga, Mohamed Ali"]
[Black "Zarkovic, Mila"]
[Result "1/2-1/2"]
[WhiteTitle "IM"]
[BlackTitle "WIM"]
[WhiteElo "2369"]
[BlackElo "2187"]
[WhiteFideId "5500460"]
[BlackFideId "900451"]
[EventDate "2019.03.22"]

1. e4 c5 2. Nf3 d6 3. d4 cxd4 4. Qxd4 Nc6 5. Bb5 Bd7 6. Bxc6 Bxc6 7. Nc3 e6 8.
Bg5 Nf6 9. O-O-O Be7 10. Rhe1 O-O 11. Qd2 Rc8 12. Nd4 a6 13. f3 b5 14. h4 b4 15.
Nce2 a5 16. Kb1 Bd7 17. g4 a4 18. Ng3 a3 19. b3 Rc3 20. Be3 Qb8 21. g5 Ne8 22.
Nde2 Rc8 23. f4 Qc7 24. Rc1 Qb7 25. f5 Bd8 26. f6 gxf6 27. gxf6 Kh8 28. Bg5 e5
29. Nh5 Rg8 30. Neg3 Be6 31. Re3 Qb6 32. Rd3 Rc6 33. Qe2 Rg6 34. Nf5 Nxf6 35.
Nxf6 Bxf6 36. Ne7 Bxe7 37. Bxe7 Qc7 38. h5 Rg4 39. Bf6+ Kg8 40. Qd2 Qb6 41. Rd1
Rg1 42. Qh2 Rxd1+ 43. Rxd1 Kf8 44. Qg3 Rc8 45. Qd3 Rc6 46. Qg3 Rc8 47. Qd3 Rc6
48. h6 Qc5 49. Bg5 Ke8 50. Be3 Qc3 51. Qxc3 Rxc3 52. Bd2 Rh3 53. Bxb4 d5 54.
exd5 Bxd5 55. Bxa3 Be4 56. Rc1 Rxh6 57. Re1 f5 58. Bb2 Re6 59. Re3 Kf7 60. Kc1
h5 61. c4 Kg6 62. Rg3+ Kh6 63. Bc3 h4 64. Rg8 Kh5 65. Rh8+ Kg4 66. Be1 f4 67.
Rxh4+ Kf3 68. Rh2 Ke3 69. Bc3 f3 70. Bd2+ Kd3 71. Be1 Ke3 72. Bd2+ Kd3 73. Be1
Ke3 74. Rd2 Bf5 75. Rh2 Rg6 76. Bf2+ Kd3 77. Bc5 Rg2 78. Rxg2 fxg2 79. Kd1 Kc3
80. Bg1 Be4 81. Ke2 Bd3+ 82. Kf2 Bxc4 1/2-1/2

[Event "3rd Sharjah Masters 2019"]
[Site "Sharjah UAE"]
[Date "2019.03.26"]
[Round "5.45"]
[White "Ammar, Sedrani"]
[Black "Ranaldi, Lucas"]
[Result "0-1"]
[WhiteTitle "FM"]
[BlackTitle "FM"]
[WhiteElo "2137"]
[BlackElo "2279"]
[WhiteFideId "9312331"]
[BlackFideId "1519484"]
[EventDate "2019.03.22"]

1. d4 e6 2. Nf3 c5 3. c3 Nc6 4. Bf4 cxd4 5. cxd4 Qb6 6. Qd2 Nf6 7. Nc3 d5 8. e3
Ne4 9. Qc2 Bd7 10. Nd2 Nxd2 11. Qxd2 Na5 12. Bd3 Rc8 13. O-O Nc4 14. Bxc4 Rxc4
15. a3 Be7 16. Rac1 O-O 17. Nb1 Rfc8 18. Rxc4 Rxc4 19. Rc1 Qb3 20. Bb8 a6 21.
Bc7 Bb5 22. Ba5 g6 23. Bc3 Rc8 24. Qd1 Qxd1+ 25. Rxd1 b6 26. Rc1 Bd3 27. Rd1 Bc2
28. Rc1 Bxb1 29. Rxb1 Bxa3 30. Ra1 Bf8 31. Rxa6 b5 32. Ra1 b4 33. Be1 Rc2 34.
Rb1 Kg7 35. Kf1 Bd6 36. h3 h5 37. f3 g5 38. b3 Kg6 39. e4 dxe4 40. fxe4 Bf8 41.
Rd1 Rb2 42. Rd3 f5 43. exf5+ exf5 44. d5 Bd6 45. Re3 Kf7 46. Re6 Bf8 47. Rb6
Rxb3 48. d6 Rb1 49. Ke2 b3 50. d7 Be7 51. Bc3 Rg1 52. Rxb3 Rxg2+ 53. Kf3 Rh2 54.
Kg3 Bd6+ 55. Kf3 Be7 56. Kg3 Bd6+ 57. Kf3 g4+ 58. hxg4 hxg4+ 59. Ke3 Rh3+ 60.
Ke2 Ke7 61. Bf6+ Kxd7 62. Rxh3 gxh3 63. Kf2 Ke6 64. Bg5 Bh2 65. Kf3 Kd5 66. Be3
Kc4 67. Bb6 Kd3 68. Ba5 Be5 69. Bb6 Bh2 70. Ba5 Be5 71. Bb6 h2 72. Kg2 Ke2 73.
Kh1 Bg3 74. Bc5 Bc7 75. Bd4 Bd6 76. Bb6 Be5 77. Bc5 Bb8 78. Bb6 Bd6 79. Bd4 Bg3
80. Bc5 Kd3 81. Bb6 Ke4 82. Ba7 Kd5 83. Be3 Ke6 84. Kg2 Kf6 85. Bd4+ Kg5 86. Kh1
Kg4 87. Bc5 Be5 88. Bb6 Bf4 89. Ba7 Kf3 90. Bb8 Ke4 91. Ba7 Be3 92. Bb8 Bg1 93.
Bc7 Kf3 94. Bg3 Kg4 95. Bd6 Kf3 96. Bc7 Kf2 97. Bg3+ Ke2 98. Bf4 Kd3 99. Bg3 Ke4
100. Bc7 Bd4 101. Bxh2 Be5 102. Bg1 Kf3 103. Bc5 f4 104. Kg1 Ke2 105. Bf2 Bc3
106. Kg2 Bd2 107. Bh4 f3+ 108. Kh2 Bg5 109. Bg3 Bf4 0-1

[Event "3rd Sharjah Masters 2019"]
[Site "Sharjah UAE"]
[Date "2019.03.27"]
[Round "6.2"]
[White "Inarkiev, Ernesto"]
[Black "Gupta, Abhijeet"]
[Result "1-0"]
[WhiteTitle "GM"]
[BlackTitle "GM"]
[WhiteElo "2692"]
[BlackElo "2602"]
[WhiteFideId "4162722"]
[BlackFideId "5010608"]
[EventDate "2019.03.22"]

1. e4 c5 2. Nf3 d6 3. d4 cxd4 4. Nxd4 Nf6 5. Nc3 Nc6 6. Bg5 e6 7. Qd2 a6 8.
O-O-O Bd7 9. f4 Be7 10. Nf3 b5 11. e5 b4 12. exf6 bxc3 13. Qxc3 gxf6 14. Bh4 d5
15. Kb1 Rb8 16. a3 Rg8 17. Bxa6 Qb6 18. Bf1 Ra8 19. Qb3 Qa7 20. Qc3 Rb8 21. Rd3
Na5 22. Nd2 Nc4 23. Nxc4 dxc4 24. Rxd7 Qxd7 25. Bxc4 Qc6 26. Re1 Kf8 27. Re2 Qc5
28. h3 Kg7 29. Ka2 Rgc8 30. Qg3+ Kh8 31. Bb3 Ra8 32. Qf3 Rd8 33. Re4 Ra6 34. Bf2
Qc6 35. Bd4 Rda8 36. Kb1 Rd8 37. Qe3 Qb5 38. Bc4 1-0

[Event "3rd Sharjah Masters 2019"]
[Site "Sharjah UAE"]
[Date "2019.03.27"]
[Round "6.5"]
[White "Fier, Alexandr"]
[Black "Kryvoruchko, Yuriy"]
[Result "1/2-1/2"]
[WhiteTitle "GM"]
[BlackTitle "GM"]
[WhiteElo "2551"]
[BlackElo "2680"]
[WhiteFideId "2107139"]
[BlackFideId "14109182"]
[EventDate "2019.03.22"]

1. Nf3 d5 2. c4 e6 3. g3 Nf6 4. Bg2 Be7 5. O-O O-O 6. b3 c5 7. Bb2 Nc6 8. e3 b6
9. Nc3 Ba6 10. Qe2 Rc8 11. d3 Qd7 12. Rfd1 Rfd8 13. a3 h6 14. Rab1 Bb7 15. cxd5
Nxd5 16. Nxd5 Qxd5 17. Bc3 a5 18. Qb2 Bf8 19. d4 1/2-1/2

[Event "3rd Sharjah Masters 2019"]
[Site "Sharjah UAE"]
[Date "2019.03.27"]
[Round "6.7"]
[White "Adly, Ahmed"]
[Black "Vokhidov, Shamsiddin"]
[Result "0-1"]
[WhiteTitle "GM"]
[BlackTitle "IM"]
[WhiteElo "2611"]
[BlackElo "2494"]
[WhiteFideId "10601619"]
[BlackFideId "14204223"]
[EventDate "2019.03.22"]

1. d4 Nf6 2. g3 d5 3. Bg2 e6 4. Nf3 Be7 5. O-O O-O 6. c4 dxc4 7. Qc2 a6 8. a4
Bd7 9. Rd1 Bc6 10. Bg5 b5 11. Bxf6 Bxf6 12. Nc3 Qe8 13. e4 e5 14. Nd5 Bxd5 15.
dxe5 Nc6 16. exf6 Bxe4 17. Qc3 b4 18. Qe3 gxf6 19. Re1 Bd3 20. Qh6 Qd8 21. Nh4
Nd4 22. Rad1 Re8 23. Bxa8 Qxa8 24. Rxe8+ Qxe8 25. Qxf6 Qe4 26. Qg5+ Kf8 27. f3
Qe7 28. Qxe7+ Kxe7 29. Kf2 a5 30. Ng2 Ne6 31. Ne1 Bg6 32. Ke3 Nc5 33. Kd4 Nxa4
34. Ra1 Nxb2 35. Rxa5 c3 36. f4 c2 37. Ra1 Kd6 38. g4 c5+ 39. Ke3 Nc4+ 40. Ke2
Be4 41. Ra6+ Kc7 42. Nxc2 Bxc2 43. Rf6 b3 44. Rxf7+ Kc6 0-1

[Event "3rd Sharjah Masters 2019"]
[Site "Sharjah UAE"]
[Date "2019.03.27"]
[Round "6.8"]
[White "Vignesh, N R"]
[Black "Zubov, Alexander"]
[Result "1/2-1/2"]
[WhiteTitle "IM"]
[BlackTitle "GM"]
[WhiteElo "2476"]
[BlackElo "2605"]
[WhiteFideId "25012215"]
[BlackFideId "14109409"]
[EventDate "2019.03.22"]

1. e4 c5 2. Nf3 d6 3. d4 cxd4 4. Nxd4 Nf6 5. Nc3 a6 6. Be2 e5 7. Nb3 Be7 8. Bg5
Be6 9. Bxf6 Bxf6 10. Nd5 Nd7 11. Qd3 Rc8 12. Rd1 O-O 13. c3 Rc6 14. Nb4 Rb6 15.
Na5 Rb5 16. Nc4 a5 17. Nxd6 Rb6 18. Nd5 Rxb2 19. Nc4 Rb5 20. Nd6 Rb2 21. Nc4 Rb5
22. Nd6 1/2-1/2

[Event "3rd Sharjah Masters 2019"]
[Site "Sharjah UAE"]
[Date "2019.03.27"]
[Round "6.9"]
[White "Idani, Pouya"]
[Black "Sadhwani, Raunak"]
[Result "1/2-1/2"]
[WhiteTitle "GM"]
[BlackTitle "IM"]
[WhiteElo "2604"]
[BlackElo "2455"]
[WhiteFideId "12510130"]
[BlackFideId "35093487"]
[EventDate "2019.03.22"]

1. d4 Nf6 2. c4 g6 3. g3 c6 4. Bg2 d5 5. Nf3 Bg7 6. O-O O-O 7. Qb3 Qb6 8. Nc3
Be6 9. Ng5 dxc4 10. Qa4 Nd5 11. Nxe6 fxe6 12. e4 Nc7 13. Bf4 Nba6 14. Qxc4 Qxd4
15. Qe2 Rad8 16. Rad1 Qb4 17. h4 e5 18. a3 Qb3 19. Bg5 Bf6 20. Bh6 Bg7 21. Bg5
Bf6 22. Be3 Ne6 23. Bxa7 Nd4 24. Bxd4 exd4 25. e5 dxc3 26. Rxd8 Rxd8 27. exf6
exf6 28. Qe7 Rf8 29. bxc3 Rf7 30. Qe8+ Kg7 31. h5 Nc7 32. Qe3 gxh5 33. Qc5 Qb5
34. Qd4 Qe5 35. Qd2 Qg5 36. Qd4 Qe5 37. Qd2 Qg5 1/2-1/2

[Event "3rd Sharjah Masters 2019"]
[Site "Sharjah UAE"]
[Date "2019.03.27"]
[Round "6.10"]
[White "Nguyen, Anh Khoi"]
[Black "Nihal, Sarin"]
[Result "1/2-1/2"]
[WhiteTitle "IM"]
[BlackTitle "GM"]
[WhiteElo "2484"]
[BlackElo "2578"]
[WhiteFideId "12404675"]
[BlackFideId "25092340"]
[EventDate "2019.03.22"]

1. d4 d6 2. c4 e5 3. Nc3 exd4 4. Qxd4 Nf6 5. b3 Nc6 6. Qd2 a5 7. Bb2 a4 8. Rd1
axb3 9. axb3 g6 10. Nf3 Bg7 11. g3 O-O 12. Bg2 Nd7 13. Na4 Bxb2 14. Qxb2 Qf6 15.
Qxf6 Nxf6 16. Nc3 Re8 17. O-O Bg4 18. h3 Bf5 19. e3 Be4 20. Ra1 Rec8 21. Nb5 Ne8
22. Nc3 Nf6 23. Nb5 Ne8 24. Nc3 Nf6 1/2-1/2

[Event "3rd Sharjah Masters 2019"]
[Site "Sharjah UAE"]
[Date "2019.03.27"]
[Round "6.11"]
[White "Koniahli, Malek."]
[Black "Matlakov, Maxim"]
[Result "0-1"]
[WhiteTitle "FM"]
[BlackTitle "GM"]
[WhiteElo "2294"]
[BlackElo "2692"]
[WhiteFideId "7603495"]
[BlackFideId "4168003"]
[EventDate "2019.03.22"]

1. d4 Nf6 2. Nf3 d5 3. Bf4 c5 4. e3 Nc6 5. c3 Nh5 6. Bg5 h6 7. Bh4 Qb6 8. Qb3 g5
9. Bg3 Nxg3 10. hxg3 Bg7 11. Qxb6 axb6 12. Na3 e6 13. Nb5 Ke7 14. Nd2 Bd7 15.
Be2 Ra4 16. O-O Rha8 17. Nc7 Rc8 18. Nb5 e5 19. dxc5 bxc5 20. c4 d4 21. Ne4 Nd8
22. b3 Ra6 23. g4 h5 24. Ng3 e4 25. exd4 cxd4 26. Rae1 hxg4 27. Nxe4 f5 28. Ng3
Kf8 29. Bd3 Rc5 30. b4 Re5 31. Rxe5 Bxe5 32. Nxf5 Rxa2 33. Re1 Nc6 34. Be4 Bxf5
35. Bxf5 g3 36. fxg3 Bxg3 37. Rf1 Ke7 38. Bc8 d3 39. Bxb7 Ne5 40. Nd4 Kd7 41. c5
d2 42. c6+ Kc7 43. Nb5+ Kb6 44. Nc3 Rc2 45. Nd5+ Kb5 46. c7 Rc1 47. Ne3 Rxc7 48.
Be4 Rc1 49. Nd1 Kxb4 50. Bf3 Nxf3+ 51. gxf3 Kc4 52. Kg2 Be1 53. f4 Rxd1 54. Rh1 0-1

[Event "3rd Sharjah Masters 2019"]
[Site "Sharjah UAE"]
[Date "2019.03.27"]
[Round "6.12"]
[White "Sargissian, Gabriel"]
[Black "Sindarov, Javokhir"]
[Result "1/2-1/2"]
[WhiteTitle "GM"]
[BlackTitle "GM"]
[WhiteElo "2689"]
[BlackElo "2505"]
[WhiteFideId "13300881"]
[BlackFideId "14205483"]
[EventDate "2019.03.22"]

1. Nf3 Nf6 2. c4 c5 3. Nc3 g6 4. d4 cxd4 5. Nxd4 Bg7 6. e4 d6 7. Be2 O-O 8. O-O
Nc6 9. Be3 Bd7 10. Qd2 a5 11. Ndb5 a4 12. f3 Qa5 13. Rab1 Rfc8 14. b3 axb3 15.
axb3 Be6 16. f4 Bg4 17. Bd3 Bd7 18. Kh1 Nb4 19. Bd4 Nc6 20. Bg1 Nb4 21. e5 dxe5
22. fxe5 Bxb5 23. exf6 Rd8 24. fxg7 Rxd3 25. Qe2 Bc6 26. Qxe7 Rd7 27. Qe2 Qh5
28. Qxh5 gxh5 29. Rfd1 Rad8 30. Bb6 Rxd1+ 31. Rxd1 Rxd1+ 32. Nxd1 Kxg7 33. Kg1
Kg6 34. Nc3 Nd3 35. Ne2 f5 36. Be3 Bd7 37. Kf1 b5 38. cxb5 Bxb5 39. Kg1 Bd7 40.
Bd2 f4 41. b4 Kf6 42. Nc3 Ke5 43. b5 Kd6 44. Ne4+ Ke5 45. b6 Bc6 46. Ng5 Kd6 47.
Nxh7 Kc5 48. Nf6 h4 49. Nd7+ Kd6 50. Nf8 Kc5 51. Ne6+ Kxb6 52. Bxf4 Bd7 53. Be3+
Kc6 54. Ng5 h3 55. gxh3 Kd5 56. Kg2 Ke5 57. h4 Bg4 58. Nf7+ Ke6 59. Nd8+ Kd7 60.
Kg3 Bh5 61. Nb7 Ke6 62. Bd4 Kd5 63. Bc3 Kc6 64. Na5+ Kd5 65. Ba1 Bd1 66. Nb7 Bh5
67. Bf6 Ke6 68. Bg5 Kd5 69. Be7 Ke6 70. Ba3 Bd1 71. Nd6 Bh5 72. Nc4 Kd5 73. Ne3+
Ke4 74. Nf1 Nf4 75. Bd6 Nd3 76. Be7 Kf5 77. Ne3+ Ke6 78. Bd8 Kf7 79. h3 Kg6 80.
Ng4 Kf5 81. Bc7 Kg6 82. Bb6 Kf5 83. Bd4 Kg6 84. Nf6 Be2 85. Ng4 Bd1 86. Be3 Be2
87. Bg5 Bd1 1/2-1/2

[Event "3rd Sharjah Masters 2019"]
[Site "Sharjah UAE"]
[Date "2019.03.27"]
[Round "6.13"]
[White "Venkatesh, M.R."]
[Black "Sjugirov, Sanan"]
[Result "0-1"]
[WhiteTitle "GM"]
[BlackTitle "GM"]
[WhiteElo "2517"]
[BlackElo "2667"]
[WhiteFideId "5005779"]
[BlackFideId "4189302"]
[EventDate "2019.03.22"]

1. Nf3 Nf6 2. c4 e6 3. g3 b6 4. Bg2 Bb7 5. O-O g6 6. Nc3 Bg7 7. d4 Ne4 8. Nxe4
Bxe4 9. Bg5 f6 10. Be3 Nc6 11. d5 Ne7 12. dxe6 dxe6 13. Qa4+ Bc6 14. Qb3 Qc8 15.
Qa3 Kf7 16. Rfd1 h6 17. Rd2 Rd8 18. Rad1 Rxd2 19. Rxd2 e5 20. b4 a6 21. Qc1 g5
22. b5 axb5 23. cxb5 Bxb5 24. Nxe5+ fxe5 25. Bxa8 Qxa8 26. Qxc7 Qe4 27. Qc2 Qxc2
28. Rxc2 Nd5 29. Bxb6 Ba4 30. Rc4 Bd1 31. Be3 Bxe2 32. Rc5 Ke6 33. Rc6+ Kd7 34.
Rg6 Bf8 35. h4 gxh4 36. gxh4 h5 37. a4 Bb4 38. Bc1 e4 39. Be3 Nxe3 40. fxe3 Be1
41. Rg2 Bf3 42. Rc2 Bxh4 43. a5 Bd8 44. a6 Bb6 45. Kf2 h4 46. Ra2 Ba7 47. Rb2
Kc8 48. Rc2+ Kb8 49. Rc6 h3 50. Rh6 Bg2 51. Rc6 Ka8 52. Rc7 Bxe3+ 53. Kxe3 h2
54. Rh7 h1=Q 55. Kd4 0-1

[Event "3rd Sharjah Masters 2019"]
[Site "Sharjah UAE"]
[Date "2019.03.27"]
[Round "6.14"]
[White "Mareco, Sandro"]
[Black "Harsha, Bharathakoti"]
[Result "1-0"]
[WhiteTitle "GM"]
[BlackTitle "GM"]
[WhiteElo "2666"]
[BlackElo "2497"]
[WhiteFideId "112275"]
[BlackFideId "5078776"]
[EventDate "2019.03.22"]

1. c4 e6 2. Nf3 d5 3. e3 Nf6 4. Nc3 b6 5. b3 Bb7 6. Bb2 Nbd7 7. cxd5 exd5 8. d4
a6 9. g3 Bd6 10. Bg2 O-O 11. O-O Qe7 12. Rc1 Rfe8 13. Ne1 Ne4 14. Nd3 Ndf6 15.
Ne2 a5 16. Re1 h5 17. f3 Ng5 18. Nc3 Qd7 19. Nf2 Ba6 20. f4 Nge4 21. Ncxe4 dxe4
22. d5 Bb4 23. Bxf6 Bxe1 24. Nxe4 Bb4 25. Qxh5 Bd3 26. Bh3 Qxh3 27. Qxh3 Bxe4
28. Qg4 Bf8 29. f5 Kh7 30. Rxc7 Bxd5 31. Bxg7 1-0